Juvenile justice today (Fourth edition) (Record no. 48540)

MARC details
000 -LEADER
fixed length control field 00819nam a2200193 a 4500
008 - FIXED-LENGTH DATA ELEMENTS--GENERAL INFORMATION
fixed length control field 210222s2004 ||||||||||||||||| || u
020 ## - INTERNATIONAL STANDARD BOOK NUMBER
International Standard Book Number 9780130119933
050 ## - LIBRARY OF CONGRESS CALL NUMBER
Classification number HV 9104 Vit
100 ## - MAIN ENTRY--PERSONAL NAME
Personal name Simonsen, Clifford E
245 10 - TITLE STATEMENT
Title Juvenile justice today (Fourth edition)
Statement of responsibility, etc. By Gennaro F. Vito; Clifford E. Simonsen
250 ## - EDITION STATEMENT
Edition statement Fourth edition
260 ## - PUBLICATION, DISTRIBUTION, ETC.
Place of publication, distribution, etc. New Jersey
Name of publisher, distributor, etc. Pearson/Prentice Hall
Date of publication, distribution, etc. 2004
300 ## - PHYSICAL DESCRIPTION
Extent xvi, 376 pages : illustrations
650 ## - SUBJECT ADDED ENTRY--TOPICAL TERM
Topical term or geographic name entry element JUVENILE JUSTICE, ADMINISTRATION OF--UNITED STATES
650 ## - SUBJECT ADDED ENTRY--TOPICAL TERM
Topical term or geographic name entry element JUVENILE DELIQUENCY--UNITED STATES
650 ## - SUBJECT ADDED ENTRY--TOPICAL TERM
Topical term or geographic name entry element JUVENILE DELIQUENTS--REHABILITATION--UNITED STATES
700 ## - ADDED ENTRY--PERSONAL NAME
Personal name Vito, Gennaro F
995 ## - RECOMMENDATION 995 [LOCAL, UNIMARC FRANCE]
-- 32.02
-- CBU-MAIN LIBRARY (Kitwe)
-- 1
-- AVAILABLE
-- Mar 1, 2021
-- Main Library Open Access Collection
Holdings
Withdrawn status Lost status Source of classification or shelving scheme Damaged status Not for loan Home library Current library Shelving location Date acquired Total Checkouts Full call number Barcode Date last seen Price effective from Koha item type
          CBU-MAIN LIBRARY, KITWE. CBU-MAIN LIBRARY, KITWE.   11/30/2022   HV 9104 Vit 750793 11/30/2022 11/30/2022 MONOGRAPH